Webster's new explorer large print dictionary (Record no. 36999)

MARC details
000 -LEADER
fixed length control field 00383nam a2200157Ia 4500
020 ## - INTERNATIONAL STANDARD BOOK NUMBER
ISBN 1892859165
050 ## - CALL MARK
Classification number PE 1628 .W55/
245 #0 - TITLE STATEMENT
Title Webster's new explorer large print dictionary
260 ## - PUBLICATION, DISTRIBUTION, ETC. (IMPRINT)
Place of publication Springfield
260 ## - PUBLICATION, DISTRIBUTION, ETC. (IMPRINT)
Name of publisher Federal street press
260 ## - PUBLICATION, DISTRIBUTION, ETC. (IMPRINT)
Year of publication 2000
300 ## - PHYSICAL DESCRIPTION
Number of Pages 754 p
942 ## - ADDED ENTRY ELEMENTS (KOHA)
Koha item type Books
Holdings
Withdrawn status Lost status Source of classification or shelving scheme Damaged status Not for loan Permanent Location Current Location Date acquired Accession Number Price effective from Koha item type
    Library of Congress Classification     NILE UNIVERSITY OF NIGERIA - MAIN LIBRARY NILE UNIVERSITY OF NIGERIA - MAIN LIBRARY 04/23/2025 0000743 04/23/2025 Books